Contributions to Ubiquitous Computing \ (Record no. 31892)

000 -LEADER
fixed length control field 02982cam a22004337a 4500
001 - CONTROL NUMBER
control field 7850034
003 - CONTROL NUMBER IDENTIFIER
control field OSt
005 - DATE AND TIME OF LATEST TRANSACTION
control field 20210813121513.0
006 - FIXED-LENGTH DATA ELEMENTS--ADDITIONAL MATERIAL CHARACTERISTICS
fixed length control field m d
007 - PHYSICAL DESCRIPTION FIXED FIELD--GENERAL INFORMATION
fixed length control field cr n
008 - FIXED-LENGTH DATA ELEMENTS--GENERAL INFORMATION
fixed length control field 060822s2007 gw a s 000 0 eng d
015 ## - NATIONAL BIBLIOGRAPHY NUMBER
National bibliography number GBA690817
Source bnb
016 7# - NATIONAL BIBLIOGRAPHIC AGENCY CONTROL NUMBER
Record control number 013584878
Source Uk
020 ## - INTERNATIONAL STANDARD BOOK NUMBER
International Standard Book Number 3540449094
035 ## - SYSTEM CONTROL NUMBER
System control number (WaSeSS)ssj0000130091
038 ## - RECORD CONTENT LICENSOR
Staff Name khadija
040 ## - CATALOGING SOURCE
Original cataloging agency UKM
Transcribing agency UKM
Modifying agency BAKER
-- OHX
-- DST
-- YDXCP
-- BTCTA
-- VRC
-- UKMGB
-- CNCGM
-- DLC
-- WaSeSS
042 ## - AUTHENTICATION CODE
Authentication code ukblsr
-- lccopycat
050 #4 - LIBRARY OF CONGRESS CALL NUMBER
Classification number QA76.5915
Item number .C66 2007
050 #4 - LIBRARY OF CONGRESS CALL NUMBER
Classification number QA76.5915
050 #4 - LIBRARY OF CONGRESS CALL NUMBER
Classification number QA76.5915.C66 2007
082 04 - DEWEY DECIMAL CLASSIFICATION NUMBER
Classification number 004
Edition number 22
Author Mark CON
100 ## - MAIN ENTRY--PERSONAL NAME
Personal name Krämer J. Bernd
9 (RLIN) 81522
210 10 - ABBREVIATED TITLE
Abbreviated title Contributions to ubiquitous computing
245 00 - TITLE STATEMENT
Title Contributions to Ubiquitous Computing \
Statement of responsibility, etc. Bernd J. Krämer, Wolfgang A. Halang (eds.)
260 ## - PUBLICATION, DISTRIBUTION, ETC.
Place of publication, distribution, etc. Berlin ;
-- New York :
Name of publisher, distributor, etc. Springer,
Date of publication, distribution, etc. 2007.
490 1# - SERIES STATEMENT
Series statement Studies in computational intelligence ;
Volume/sequential designation 42
505 0# - FORMATTED CONTENTS NOTE
Formatted contents note Survey of this Book / Bernd J. Kramer -- 1. Building adaptable mobile middleware services using logical mobility techniques / Stefanos Zachariadis, Manish Lad, Cecilia Mascolo and Wolfgang Emmerich -- 2. Towards self-healing composition of services / Luciano Baresi, Carlo Ghezzi and Sam Guinea -- 3. Wireless sensor networks / Yusuf Ozturk -- 4. Common-interest based self-organising e-learner communities / Fan Yang, Bernd J. Kramer and Peng Han -- 5. A service component architecture to federate e-universities : a case study in virtual mobility / Bernd J. Kramer -- 6. Wireless asset management / Peter Neumann -- 7. Knowledge management for e-maintenance of industrial automation systems / Wei Zhang -- 8. Using formal concept analysis for semantic Web applications / Yi Zhao -- 9. A fair off-line electronic payment system / Weidong Qiu -- 10. A UML profile to model safety-critical embedded real-time control systems / Shourong Lu and Wolfgang A. Halang -- 11. Probabilistic management of distributed systems / Jianguo Ding -- 12. Denial of service detection in mobile agent systems with dependencies in computations / Biljana Cubaleska and Markus Schneider -- 13. Fighting Internet congestion by means of chaos control / Zhong Li -- 14. Securing communication by chaos-based encryption / Ping Li, Zhong Li, Wolfgang A. Halang and Guanrong Chen -- 15. A chip performing chaotic stream encryption / Yaobin Mao, Wenbo Liu, Zhong Li, Ping Li and Wolfgang A. Halang.
506 ## - RESTRICTIONS ON ACCESS NOTE
Terms governing access License restrictions may limit access.
563 ## - BINDING INFORMATION
Binding note hard cover
650 #0 - SUBJECT ADDED ENTRY--TOPICAL TERM
Topical term or geographic name entry element Ubiquitous computing.
9 (RLIN) 81523
700 1# - ADDED ENTRY--PERSONAL NAME
Personal name Krämer, Bernd,
Dates associated with a name 1947-
9 (RLIN) 81524
700 1# - ADDED ENTRY--PERSONAL NAME
Personal name Halang, Wolfgang A.,
Dates associated with a name 1951-
9 (RLIN) 81525
773 #0 - HOST ITEM ENTRY
Title SpringerLink ebooks - Engineering (2007)
830 #0 - SERIES ADDED ENTRY--UNIFORM TITLE
Uniform title Studies in computational intelligence ;
Volume/sequential designation 42.
9 (RLIN) 81268
856 40 - ELECTRONIC LOCATION AND ACCESS
Uniform Resource Identifier <a href="http://www.columbia.edu/cgi-bin/cul/resolve?clio7850034">http://www.columbia.edu/cgi-bin/cul/resolve?clio7850034</a>
Public note Full text available from SpringerLink ebooks - Engineering (2007)
910 ## - USER-OPTION DATA (OCLC)
User-option data Library of Congress record
942 ## - ADDED ENTRY ELEMENTS (KOHA)
Source of classification or shelving scheme
Koha item type Book
Holdings
Withdrawn status Lost status Source of classification or shelving scheme Damaged status Not for loan Permanent Location Current Location Shelving location Date acquired Full call number Barcode Date last seen Price effective from Koha item type Public note
          School of Mechanical & Manufacturing Engineering (SMME) School of Mechanical & Manufacturing Engineering (SMME) General Stacks 07/07/2015 004 CON SMME-439 03/28/2018 07/07/2015 Book Rack,50-Shelf,2
© 2023 Central Library, National University of Sciences and Technology. All Rights Reserved.